

| 000 -LEADER | |
|---|---|
| fixed length control field | 00941nam a2200157Ia 4500 |
| 005 - DATE AND TIME OF LATEST TRANSACTION | |
| control field | 20260209120126.0 |
| 008 - FIXED-LENGTH DATA ELEMENTS--GENERAL INFORMATION | |
| fixed length control field | 260209s9999||||xx |||||||||||||| ||und|| |
| 100 ## - MAIN ENTRY--PERSONAL NAME | |
| Personal name | Daniel Mathew |
| 245 #0 - TITLE STATEMENT | |
| Title | Non state actors in human rights paradigm : question of accountability |
| 260 ## - PUBLICATION, DISTRIBUTION, ETC. | |
| Place of publication, distribution, etc. | BangaloreBangalore |
| Name of publisher, distributor, etc. | NLSIU |
| Date of publication, distribution, etc. | 2009 |
| 300 ## - PHYSICAL DESCRIPTION | |
| Extent | 105 p. ; 25 cm. |
| 505 ## - FORMATTED CONTENTS NOTE | |
| Formatted contents note | TABLE OF CONTENTS Abbreviations; Table of Cases; Chapter I. Introduction; Chapter II. Non-state Actors; Chapter III. Armed Groups in Human Rights Paradigm; - Existing Obligations; Chapter IV. Armed Groups in Human Rights Paradigm; - Accountability of Armed Groups; Chapter V. Case study: Human Rights Accountability of Non-State Actors and the Constitution of India; Chapter VI. Conclusion; Bibliography. |
| 650 ## - SUBJECT ADDED ENTRY--TOPICAL TERM | |
| Topical term or geographic name entry element | Human Rights Paradigm |
| 700 ## - ADDED ENTRY--PERSONAL NAME | |
| Personal name | Prof. (Dr.) V Vijayakumar - GuideProf. (Dr.) V Vijayakumar - Guide |
| 856 ## - ELECTRONIC LOCATION AND ACCESS | |
| Uniform Resource Identifier | <a href="https://dans.nls.ac.in/handle/123456789/1445">https://dans.nls.ac.in/handle/123456789/1445</a> |
| Withdrawn status | Lost status | Damaged status | Not for loan | Home library | Current library | Date acquired | Total Checkouts | Barcode | Date last seen | Price effective from | Koha item type |
|---|---|---|---|---|---|---|---|---|---|---|---|
| . | . | 09.02.2026 | LLM238 | 09.02.2026 | 09.02.2026 | Dissertation |